|
|
|
|
| LEADER |
00000nab a2200000 a 4500 |
| 001 |
vtls010467276 |
| 003 |
SK-MaSNL |
| 005 |
20260303093826.0 |
| 008 |
150305c2012 xo br|p|||an |000 b|slo |
| 015 |
|
|
|a SNBRB2012/11
|
| 038 |
|
|
|a SPK
|
| 040 |
|
|
|a SPKCL
|b slo
|c AACR2
|e AACR2
|
| 041 |
0 |
|
|a slo
|b slo
|b eng
|
| 044 |
|
|
|a xo
|c SK
|
| 072 |
|
7 |
|a 364
|x Sociálne problémy vyžadujúce podporu a pomoc. Sociálne zabezpečenie
|2 konspekt
|
| 080 |
|
|
|a 364.27
|x "465.06/.09"
|2 2001
|
| 100 |
1 |
|
|a Živčáková, Barbora
|4 aut
|9 1105450
|
| 245 |
1 |
0 |
|a Škola zdravého života
|b (prevencia závislostí na prvom stupni základnej školy)
|c Barbora Živčáková
|
| 504 |
|
|
|a Bibliogr. odkazy
|
| 546 |
|
|
|a Res. angl., slov.
|
| 650 |
0 |
7 |
|a mladší školský vek
|2 snkbucl
|9 381830
|
| 650 |
0 |
7 |
|a prevencia závislostí
|2 snkbucl
|9 1105451
|
| 773 |
0 |
|
|t Pedagogické rozhľady
|g Roč. 21, č. 1-2(2012), s. 20-23
|x 1335-0404
|
| 852 |
|
|
|a SPK
|b KIS3GCP
|
| 856 |
4 |
1 |
|u www.rozhlady.pedagog.sk
|
| 958 |
|
|
|a NB
|2 spk
|
| 999 |
|
|
|c 1817385
|d 1819315
|